000 01026nam0a22002411 4500
001 rc\978230
005 20250622064042.0
035 _a(NLR Aleph) 006146470
090 _a5716740
_c5716740
100 _a20041129d1982 |||y0rusy50 ca
101 0 _arus
102 _aRU
105 _aa |||||||||
200 1 _aУчебные разработки по истории английского языка для студентов вечернего отделения
_f[Сост. А.А. Путиным, А.Г. Решетовым, А.М. Подгаец и Е.А. Шутовой]
210 _aПермь
_cПер. ун-т
_d1982
215 _a30 с.
_cсхем.
_d20
300 _aВ надзаг.: М-во высш. и сред. спец. образования РСФСР, Перм. гос. ун-т им. А.М. Горького. Каф. англ. филологии
320 _aБиблиогр.: с. 26-29
801 0 _aRU
_bNLR
_gpsbo
801 1 _aRU
_bELAR
_2rusmarc
852 _aNLR
_j82-4/29836
942 _cBOOK
980 _aNB